Link-Belt silent chain drive for power transmission /

Saved in:
Bibliographic Details
Corporate Author: Link-Belt Company
Format: Book
Language:English
Published: Chicago, Ill. : Link-Belt Company, 1929.
Edition:1929 ed.
Subjects:
LEADER 01243cam a2200325 a 4500
001 c000291279
003 CARM
005 20090430103518.0
008 070111s1929 ilua fc 001 0 eng d
019 1 |a 41838207  |5 LACONCORD2021 
035 |a (OCoLC)226100935  |5 LACONCORD2021 
040 |a VU  |b eng  |c VU 
050 0 0 |a TJ1051 
082 0 0 |a 621.859  |2 22 
245 0 0 |a Link-Belt silent chain drive for power transmission /  |c Link-Belt Company. 
246 3 |a Chains for power transmission and material handling. 
250 |a 1929 ed. 
260 |a Chicago, Ill. :  |b Link-Belt Company,  |c 1929. 
300 |a 170 p. :  |b ill. ;  |c 24 cm. 
500 |a "[Data] Book number 125" 
500 |a "Flexible as a belt, positive as a gear, more efficient than either" 
500 |a Includes index. 
650 0 |a Chain drive  |v Handbooks, manuals, etc. 
650 0 |a Chain drive  |v Catalogs. 
650 0 |a Chain conveyors  |v Handbooks, manuals, etc. 
650 0 |a Chain conveyors  |v Catalogs. 
710 2 |a Link-Belt Company. 
852 8 |b CARM  |h A3:AD04B0  |i B11219  |p 0523882  |f BK 
999 f f |i 90f9dc92-e1c4-59d2-acd7-c6853208d54c  |s ed73f6fd-9086-5b75-8cfa-d5ee9daaad50 
952 f f |p Can circulate  |a CAVAL  |b CAVAL  |c CAVAL  |d CARM 1 Store  |e B11219  |f A3:AD04B0  |h Other scheme  |i book  |m 0523882